000 00713nam a22002177a 4500
003 UA-OsUOA
001 63506
007 ta
008 20091007b un ||||| |||| 00| 0 ukr d
100 _aМакаренко Є.В
090 _a330(477)
_bМ15
942 _cSA
040 _aUA-OsUOA
_bukr
_cUA-OsUOA
_dUA-OsUOA
245 _aРеалізація стратегії інноваційного розвитку через механізм бюджетної політики держави
300 _aС.19-22
955 _a0
041 _aukr
080 _a330(477)
773 0 _w63502
_tЕкономіка. Фінанси. Право.
_dК.
_d2009
_g8
650 7 _a330 Економіка взагалі
_2UDC
999 _c349583
_d349583